खेळ संSाालन व क्रिडा मार्गदर्शन (Record no. 320993)

MARC details
000 -LEADER
fixed length control field 00881nam a2200169Ia 4500
008 - FIXED-LENGTH DATA ELEMENTS--GENERAL INFORMATION
fixed length control field 090711s9999 xx 000 0 und d
082 ## - DEWEY DECIMAL CLASSIFICATION NUMBER
Item number 79861
100 ## - MAIN ENTRY--PERSONAL NAME
Personal name शिलेदार जुझारसिंघ / परिहार विठ्ठलसिंग
245 ## - TITLE STATEMENT
Title खेळ संSाालन व क्रिडा मार्गदर्शन
260 ## - PUBLICATION, DISTRIBUTION, ETC. (IMPRINT)
Name of publisher, distributor, etc अभय प्रकाशन
Date of publication, distribution, etc 1996
300 ## - PHYSICAL DESCRIPTION
Extent 259
600 ## - SUBJECT ADDED ENTRY--PERSONAL NAME
Personal name शिलेदार जुझारसिंघ / परिहार विठ्ठलसिंग
630 ## - SUBJECT ADDED ENTRY--UNIFORM TITLE
Uniform title खेळ संSाालन व क्रिडा मार्गदर्शन
700 ## - ADDED ENTRY--PERSONAL NAME
Personal name शिलेदार जुझारसिंघ / परिहार विठ्ठलसिंग
730 ## - ADDED ENTRY--UNIFORM TITLE
Uniform title खेळ संSाालन व क्रिडा मार्गदर्शन
942 ## - ADDED ENTRY ELEMENTS (KOHA)
Koha item type Book
Holdings
Withdrawn status Lost status Damaged status Not for loan Home library Current library Date acquired Cost, normal purchase price Total Checkouts Full call number Barcode Date last seen Cost, replacement price Price effective from Koha item type
        Dadar Sarvajanik Vachanalaya, Dardar Dadar Sarvajanik Vachanalaya, Dardar 02/06/1997 100.00   79861 DASAVA-79861 07/11/2009 100.00 07/11/2009 Book